|
|
|
|
| LEADER |
00000nam a2200000 4500 |
| 001 |
vtls011906784 |
| 003 |
SK-MaSNL |
| 005 |
20260426003720.0 |
| 008 |
220225s1544 sz a f 011 0 lat |
| 015 |
|
|
|a SNBHFA1544
|
| 035 |
|
|
|a urn:nbn:sk:snk-am00g291
|
| 035 |
|
|
|a urn:nbn:sk:snk-am3ivpo
|
| 035 |
|
|
|a 0D849701-4718-471C-9F5C-0FA619FBC540
|
| 040 |
|
|
|a SNKHF
|b slo
|c SNKHF
|e rda
|
| 041 |
0 |
|
|a lat
|
| 044 |
|
|
|a sz
|c CH
|
| 072 |
|
7 |
|a 101
|x Filozofia
|2 konspekt
|
| 072 |
|
7 |
|a 094
|x Staré tlače
|2 konspekt
|
| 080 |
|
|
|a 101
|2 2011
|
| 080 |
|
|
|a 094
|2 2011
|
| 100 |
1 |
|
|a Curione, Celio Secondo,
|d 1503-1569
|4 aut
|9 172608
|
| 245 |
1 |
0 |
|a Coelij Secundi Cvrionis Araneus
|b seu de Prouidentia Dei, libellus uere aureus, cum alijs nonnullis eiusdem Opusculis, lectu dignissimis, nunqȝ primum in lucem editis. Quorumcatalogum uersa pagella indicabit. Accesit Rerum et uerborum in hisce omnibus memorabilium Index
|
| 264 |
|
3 |
|a Basileae
|b Ex Officina Ioannis Oporini
|c Anno Salutis M.D.XLIIII (1544) Mense Iulio
|
| 300 |
|
|
|a 40 nečíslovaných strán, 184, to jest 284 strán, 1 nečíslovaná strana
|c 17 cm
|
| 336 |
|
|
|a text
|b txt
|2 rdacontent
|
| 337 |
|
|
|a bez média
|b n
|2 rdamedia
|
| 338 |
|
|
|a zväzok
|b nc
|2 rdacarrier
|
| 500 |
|
|
|a Iniciálky s ornamentálnym a figurálnym pozadím v rámčeku na 6 a 7 riadkov, kustody
|
| 504 |
|
|
|a Tlačené marginálie, register
|
| 508 |
|
|
|a Dedikácia: Pellicier, Guillaume
|
| 510 |
4 |
|
|a VD 16
|c C/6416
|
| 546 |
|
|
|a Latinský text
|b Antikva
|
| 550 |
|
|
|a Tlačiarenské údaje prevzaté z kolofónu
|
| 563 |
|
|
|a Väzba: previazaná, kartónová.
|5 SNK ID 101496
|
| 650 |
0 |
7 |
|a filozofia
|2 SNKPH
|9 793
|
| 650 |
0 |
7 |
|a staré tlače
|2 SNKPH
|9 51683
|
| 700 |
1 |
|
|a Pellicier, Guillaume,
|d 1497-1568
|4 hnr
|9 620165
|
| 700 |
1 |
|
|a Oporin, Johann,
|d 1507-1568
|4 prt
|9 54337
|
| 710 |
0 |
|
|a Oporin, Johann (Bazilej, Švajčiarsko),
|d 1536-1568
|4 prt
|9 54158
|
| 752 |
|
|
|a Švajčiarsko
|d Bazilej
|
| 852 |
|
|
|a snk
|b Aponiovská knižnica
|p ID 101496
|
| 958 |
|
|
|a ONDV
|
| 958 |
|
|
|a DA
|
| 999 |
|
|
|c 952913
|d 954843
|
| 952 |
|
|
|t Op. XVII/51
|a SNK
|b SNK
|c SNK_HF
|y PREZ
|7 0
|p 17A1376039
|o snkID 101496
|i snk2019/31892
|8 5
|0 0
|1 0
|4 0
|d 2019-12-12
|f 1
|l 0
|r 2026-02-24 09:54:07
|w 2026-02-24
|